[Event "Riga Tech Open A 2015"]
[Site "Riga LAT"]
[Date "2015.08.10"]
[Round "1.3"]
[White "Akhayan, Ruben"]
[Black "Fridman, Daniel"]
[Result "0-1"]
[WhiteTitle "FM"]
[BlackTitle "GM"]
[WhiteElo "2253"]
[BlackElo "2639"]
[WhiteFideId "204439"]
[BlackFideId "11600454"]
[EventDate "2015.08.10"]

1. g3 d5 2. Bg2 e5 3. d3 Nf6 4. e3 c5 5. Ne2 Nc6 6. Nd2 Be6 7. h3 Qd7 8. a3 Bd6
9. c3 O-O 10. b4 a6 11. e4 cxb4 12. cxb4 Rfd8 13. Rb1 Rac8 14. h4 Bb8 15. O-O
dxe4 16. Nxe4 Nxe4 17. Bxe4 Bh3 18. Re1 Ba7 19. b5 axb5 20. Rxb5 Be6 21. a4 Bc4
22. Rb1 f5 23. Bg2 Bxd3 24. Qb3+ Kh8 25. Rd1 Nd4 26. Nxd4 Bxb1 27. Qxb1 Bxd4 28.
Re1 Qxa4 29. Bg5 Rf8 30. Qxb7 Qa2 31. Rf1 Rc2 32. Bd5 Rxf2 33. Bxa2 Rb2+ 34. Kh1
Rxb7 0-1

[Event "Riga Tech Open A 2015"]
[Site "Riga LAT"]
[Date "2015.08.10"]
[Round "1.4"]
[White "Oleksiyenko, Mykhaylo"]
[Black "Mamedjarova, Zeinab"]
[Result "1-0"]
[WhiteTitle "GM"]
[BlackTitle "WGM"]
[WhiteElo "2638"]
[BlackElo "2250"]
[WhiteFideId "4152417"]
[BlackFideId "13401521"]
[EventDate "2015.08.10"]

1. e4 e5 2. Nf3 d6 3. d4 exd4 4. Nxd4 Nf6 5. Nc3 Be7 6. g3 O-O 7. Bg2 Re8 8. O-O
Bf8 9. Bf4 Nbd7 10. h3 Nc5 11. Re1 h6 12. g4 g6 13. Qd2 Kh7 14. Rad1 Bg7 15. Bg3
Ne6 16. Nxe6 Bxe6 17. e5 dxe5 18. Bxb7 Qxd2 19. Rxd2 Rab8 20. Bc6 Re7 21. b3 h5
22. g5 Ng8 23. Nd5 Bxd5 24. Rxd5 Rb6 25. Ba4 Rd6 26. Rxd6 cxd6 27. Rd1 f6 28. h4
Rc7 29. Rxd6 Rxc2 30. Rd7 Rxa2 31. Rxa7 Kh8 32. Rb7 f5 33. Be8 f4 34. Bh2 Ra6
35. Kg2 Re6 36. Rb8 1-0

[Event "Riga Tech Open A 2015"]
[Site "Riga LAT"]
[Date "2015.08.10"]
[Round "1.5"]
[White "Gibicar, Danijel"]
[Black "Melkumyan, Hrant"]
[Result "0-1"]
[BlackTitle "GM"]
[WhiteElo "2246"]
[BlackElo "2633"]
[WhiteFideId "24660256"]
[BlackFideId "13302485"]
[EventDate "2015.08.10"]

1. d4 Nf6 2. c4 g6 3. Nc3 d5 4. Bf4 Bg7 5. e3 O-O 6. Rc1 Be6 7. Nf3 dxc4 8. Ng5
Bd5 9. e4 h6 10. exd5 hxg5 11. Bxg5 Nxd5 12. Bxc4 Nb6 13. Bb3 Nc6 14. d5 Nd4 15.
O-O Nxb3 16. Qxb3 Bxc3 17. bxc3 Qxd5 18. Bxe7 Qxb3 19. axb3 Rfe8 20. Bg5 Re2 21.
Rfe1 Rb2 22. Rb1 Rc2 23. Rbc1 Rxc1 24. Rxc1 a5 25. Rd1 a4 26. bxa4 Rxa4 27. g3
Kg7 28. Be3 Nc4 29. Bd4+ f6 30. Rb1 b6 31. Rb4 Ra1+ 32. Kg2 Nd6 33. Be3 Ra3 34.
Bf4 Ne8 35. c4 Rc3 36. h4 Kf7 37. g4 Rd3 38. Be3 Rc3 39. Bf4 Ke6 40. h5 gxh5 41.
gxh5 Kf5 42. Bg3 Kg5 43. Rb5+ f5 44. h6 Kxh6 45. Rxf5 Rxc4 46. Re5 Ng7 47. Re7
c6 48. Be5 Nf5 49. Re6+ Kh5 50. Re8 Rc2 51. Rg8 Nh6 52. Rd8 Nf7 53. Rf8 Nxe5 54.
Rf5+ Kg4 55. Rxe5 b5 56. Re4+ Kf5 57. Rb4 Ke5 58. Kg3 Rc1 59. f4+ Kd5 60. Kg4
Kc5 61. Rb2 Rf1 62. f5 b4 63. Kg5 Kc4 64. Rc2+ Kb5 65. f6 c5 66. Kg6 b3 67. Rg2
c4 68. f7 Kb4 69. Kg7 c3 70. f8=Q+ Rxf8 71. Kxf8 c2 0-1

[Event "Riga Tech Open A 2015"]
[Site "Riga LAT"]
[Date "2015.08.10"]
[Round "1.6"]
[White "Bartel, Mateusz"]
[Black "Vovk, Ilja"]
[Result "1-0"]
[WhiteTitle "GM"]
[BlackTitle "FM"]
[WhiteElo "2631"]
[BlackElo "2240"]
[WhiteFideId "1112635"]
[BlackFideId "4501764"]
[EventDate "2015.08.10"]

1. e4 g6 2. d4 Bg7 3. Nf3 d6 4. Bc4 e6 5. Bb3 Ne7 6. a4 O-O 7. Nc3 Nd7 8. a5 c5
9. d5 exd5 10. Nxd5 Nxd5 11. Bxd5 Nf6 12. Bg5 h6 13. Bxf6 Qxf6 14. c3 Rb8 15.
Qd3 b5 16. axb6 axb6 17. Qb5 h5 18. h3 Qf4 19. Kd1 Kh8 20. Ra4 Rd8 21. Ra7 Be6
22. Bxe6 fxe6 23. Re1 d5 24. exd5 Rxd5+ 25. Ke2 Qd6 26. Kf1 Rd1 27. Ra1 Rxa1 28.
Rxa1 Rd8 29. Re1 Bf6 30. Qe2 Kg7 31. Qxe6 b5 32. g4 hxg4 33. hxg4 Qf4 34. Kg2
Rd3 35. Re3 Rxe3 36. fxe3 Qa4 37. g5 Qc2+ 38. Kg3 Bxc3 39. bxc3 Qxc3 40. Qe5+
Qxe5+ 41. Nxe5 c4 42. Kf3 c3 43. Ke2 b4 44. Kd3 Kh7 45. Nc6 Kg7 46. Nxb4 Kf7 47.
Kd4 Ke6 48. e4 1-0

[Event "Riga Tech Open A 2015"]
[Site "Riga LAT"]
[Date "2015.08.10"]
[Round "1.7"]
[White "Napoli, Nicolo"]
[Black "Naroditsky, Daniel"]
[Result "0-1"]
[WhiteTitle "FM"]
[BlackTitle "GM"]
[WhiteElo "2236"]
[BlackElo "2631"]
[WhiteFideId "813702"]
[BlackFideId "2026961"]
[EventDate "2015.08.10"]

1. d4 Nf6 2. Nc3 d5 3. Bg5 Bf5 4. Bxf6 exf6 5. e4 dxe4 6. Qe2 c6 7. g4 Be6 8.
O-O-O Bb4 9. d5 cxd5 10. Qb5+ Nc6 11. Nxd5 Bd6 12. Ne3 Qc7 13. Bg2 a6 14. Qa4
O-O 15. a3 Bf4 16. h3 f5 17. gxf5 Bxf5 18. Ne2 b5 19. Qb3 Be6 20. Qc3 Be5 21.
Qc5 Nd4 22. Qxc7 Nxe2+ 23. Kd2 Bxc7 24. Kxe2 f5 0-1

[Event "Riga Tech Open A 2015"]
[Site "Riga LAT"]
[Date "2015.08.10"]
[Round "1.8"]
[White "Socko, Bartosz"]
[Black "Kiltti, Jyrki"]
[Result "1-0"]
[WhiteTitle "GM"]
[WhiteElo "2622"]
[BlackElo "2236"]
[WhiteFideId "1107038"]
[BlackFideId "501204"]
[EventDate "2015.08.10"]

1. d4 Nf6 2. c4 g6 3. Nc3 Bg7 4. e4 O-O 5. Nge2 d6 6. f3 e5 7. Bg5 c6 8. Qd2 Qc7
9. O-O-O a6 10. Kb1 b5 11. Rc1 bxc4 12. dxe5 dxe5 13. Na4 a5 14. Ng3 Ba6 15.
Bxc4 Nbd7 16. Bxa6 Rxa6 17. Rhd1 Rb8 18. Ne2 Nf8 19. Nc5 Rab6 20. Rc2 Qa7 21.
Be3 Qa8 22. Nc3 a4 23. a3 Rb3 24. Nxb3 axb3 25. Rcc1 Ne6 26. Ne2 Bf8 27. Qc3 c5
28. Qxe5 Bg7 29. Qg3 Nxe4 30. fxe4 Qxe4+ 31. Ka1 Ra8 32. Nc3 Qb4 33. Kb1 1-0

[Event "Riga Tech Open A 2015"]
[Site "Riga LAT"]
[Date "2015.08.10"]
[Round "1.9"]
[White "Komiagina, Maria"]
[Black "Swiercz, Dariusz"]
[Result "1/2-1/2"]
[WhiteTitle "WIM"]
[BlackTitle "GM"]
[WhiteElo "2235"]
[BlackElo "2617"]
[WhiteFideId "4153987"]
[BlackFideId "1126881"]
[EventDate "2015.08.10"]

1. e4 c5 2. Nf3 e6 3. d4 cxd4 4. Nxd4 Nc6 5. Nc3 Qc7 6. Be3 a6 7. Bd3 Nf6 8. O-O
Ne5 9. h3 Bc5 10. Na4 Ba7 11. c4 d6 12. Rc1 O-O 13. b3 Bd7 14. Nc3 Bc5 15. Bb1
Rac8 16. Kh1 Ng6 17. f4 e5 18. fxe5 dxe5 19. Nc2 Be6 20. Bg5 Qa5 21. Qf3 Be7 22.
Rcd1 b5 23. Bxf6 Bxf6 24. b4 Qc7 25. c5 Bg5 26. Nd5 Qa7 27. Nce3 a5 28. a3 axb4
29. axb4 Bxe3 30. Qxe3 Rfd8 31. Bc2 Ne7 32. Bb3 Nc6 33. Qg5 h6 34. Qg3 Kh8 35.
Nb6 Rxd1 36. Rxd1 Rd8 37. Rxd8+ Nxd8 38. Bxe6 Qa1+ 39. Kh2 Nxe6 40. Nd5 Nd4 41.
Qf2 Qa7 42. Qg3 Qa1 43. Qf2 Qa7 44. Qg3 Qa2 45. Qc3 Qa6 46. Qg3 Qa1 47. Qf2 f6
48. Nxf6 gxf6 49. Qxf6+ Kh7 50. Qf7+ Kh8 51. Qf6+ Kh7 52. Qf7+ 1/2-1/2

[Event "Riga Tech Open A 2015"]
[Site "Riga LAT"]
[Date "2015.08.10"]
[Round "1.10"]
[White "Hovhannisyan, Robert"]
[Black "Kiolbasa, Oliwia"]
[Result "1-0"]
[WhiteTitle "GM"]
[BlackTitle "WFM"]
[WhiteElo "2612"]
[BlackElo "2233"]
[WhiteFideId "13302507"]
[BlackFideId "1154613"]
[EventDate "2015.08.10"]

1. e4 e5 2. Nf3 Nc6 3. Bb5 a6 4. Ba4 d6 5. c3 Nf6 6. d4 b5 7. Bc2 Bg4 8. d5 Nb8
9. h3 Bc8 10. a4 Bb7 11. Qe2 Qd7 12. Bd3 bxa4 13. c4 c5 14. Bc2 Qd8 15. Bxa4+
Nbd7 16. b4 cxb4 17. c5 dxc5 18. Nxe5 Be7 19. Nc6 Qc8 20. O-O Bd8 21. Nd2 O-O
22. Nc4 Bxc6 23. Bxc6 Ra7 24. e5 Ne8 25. Bb2 Nb6 26. Rac1 Nxc4 27. Rxc4 Bb6 28.
Ba4 Nc7 29. Bc2 g6 30. Qd2 Rd8 31. Qh6 Nxd5 32. Rh4 Qe6 33. Qxh7+ Kf8 34. Bc1
Nc3 35. Bg5 Ke8 36. Ba4+ Nxa4 37. Qg8+ Kd7 38. Bxd8 Bxd8 39. Rd1+ Kc6 40. Qxd8
Qxe5 41. Rh8 Nc3 42. Re8 Qc7 43. Qf6+ Kb5 44. Rde1 Qb6 45. Qh8 Rb7 46. Rc8 Qd6
47. Qe8+ Qd7 48. Qf8 Na4 49. Rd8 Qc6 50. Rd6 Qc7 51. Qe8+ Ka5 52. Rf6 Qd7 53.
Qe2 Rb6 54. Rxb6 Kxb6 55. Qe5 Ka5 56. Ra1 Qd4 57. Qe1 Qc3 58. Qxc3 bxc3 59. Kf1
Kb4 60. Ke2 Kb3 61. Rc1 Kb2 62. Kd1 Nb6 63. Rc2+ Kb3 64. h4 Nc4 65. Rc1 Kb2 66.
g4 Ne5 67. f3 Nc4 68. Rc2+ Kb3 69. Kc1 Ne5 70. h5 gxh5 71. gxh5 a5 72. h6 a4 73.
h7 Ng6 74. Rg2 1-0

[Event "Riga Tech Open A 2015"]
[Site "Riga LAT"]
[Date "2015.08.10"]
[Round "1.11"]
[White "Madiai, Federico"]
[Black "Jumabayev, Rinat"]
[Result "0-1"]
[BlackTitle "GM"]
[WhiteElo "2227"]
[BlackElo "2600"]
[WhiteFideId "836230"]
[BlackFideId "13702661"]
[EventDate "2015.08.10"]

1. e4 c5 2. Nf3 Nc6 3. Bb5 e6 4. O-O Nge7 5. d4 cxd4 6. Nxd4 Qc7 7. Be3 Ng6 8.
Be2 Be7 9. c4 b6 10. Nc3 Bb7 11. Rc1 Nxd4 12. Qxd4 O-O 13. Nb5 Qc6 14. Qd2 a6
15. Nd4 Qc7 16. f3 Bd6 17. g3 Bxg3 18. hxg3 Qxg3+ 19. Kh1 Qh3+ 20. Kg1 f5 21.
Nc2 fxe4 22. f4 Qg3+ 23. Kh1 Nxf4 24. Rf2 Qxf2 0-1

[Event "Riga Tech Open A 2015"]
[Site "Riga LAT"]
[Date "2015.08.10"]
[Round "1.12"]
[White "Neiksans, Arturs"]
[Black "Martinez, Ayelen"]
[Result "1-0"]
[WhiteTitle "GM"]
[BlackTitle "WIM"]
[WhiteElo "2596"]
[BlackElo "2222"]
[WhiteFideId "11601388"]
[BlackFideId "118702"]
[EventDate "2015.08.10"]

1. e4 c5 2. Nf3 d6 3. Bb5+ Nc6 4. O-O Bd7 5. Re1 Nf6 6. c3 a6 7. Bf1 e5 8. h3 g6
9. d4 Bg7 10. dxc5 dxc5 11. Nbd2 O-O 12. Nc4 Qc7 13. Qd6 Qxd6 14. Nxd6 b6 15.
Nc4 b5 16. Ncxe5 Nxe5 17. Nxe5 Be6 18. Nd3 Rac8 19. Nf4 Bd7 20. a4 Bc6 21. f3
Rfe8 22. Rd1 Nd7 23. axb5 axb5 24. Ra6 Ne5 25. Nd5 c4 26. Be3 h6 27. Nb4 g5 28.
Rb6 Bd7 29. Rb7 Bc6 30. Nxc6 Rxc6 31. Rxb5 f5 32. exf5 Nxf3+ 33. Kf2 Ne5 34.
Rdd5 1-0

[Event "Riga Tech Open A 2015"]
[Site "Riga LAT"]
[Date "2015.08.11"]
[Round "2.2"]
[White "Fridman, Daniel"]
[Black "Perske, Thore"]
[Result "1-0"]
[WhiteTitle "GM"]
[BlackTitle "FM"]
[WhiteElo "2639"]
[BlackElo "2408"]
[WhiteFideId "11600454"]
[BlackFideId "12902195"]
[EventDate "2015.08.10"]

1. d4 Nf6 2. Nf3 g6 3. g3 Bg7 4. Bg2 O-O 5. O-O d6 6. c4 c6 7. Nc3 Qb6 8. b3 e5
9. e3 Re8 10. a4 e4 11. Nd2 d5 12. Ba3 Be6 13. Qc2 Nbd7 14. Rfc1 Rac8 15. Bd6
Qd8 16. Qb2 Nf8 17. Qa3 a6 18. a5 Ng4 19. Qb4 Qf6 20. Nd1 Qg5 21. h3 Nh6 22.
Qxb7 Nf5 23. Bf4 Qd8 24. cxd5 cxd5 25. Qb6 Nd7 26. Qxd8 Rexd8 27. Bf1 Nxd4 28.
exd4 Bxd4 29. Rab1 Nc5 30. Be3 Bxe3 31. fxe3 Nd3 32. Rxc8 Rxc8 33. Bxd3 exd3 34.
Nf2 Rc2 35. Nf3 Re2 36. Nd4 Rxe3 37. Kg2 d2 38. Rd1 Re1 39. Rxd2 Ra1 40. b4 1-0

[Event "Riga Tech Open A 2015"]
[Site "Riga LAT"]
[Date "2015.08.11"]
[Round "2.3"]
[White "Berzinsh, Roland"]
[Black "Oleksiyenko, Mykhaylo"]
[Result "1/2-1/2"]
[WhiteTitle "IM"]
[BlackTitle "GM"]
[WhiteElo "2406"]
[BlackElo "2638"]
[WhiteFideId "11600357"]
[BlackFideId "4152417"]
[EventDate "2015.08.10"]

1. e4 c5 2. Nf3 e6 3. d4 cxd4 4. Nxd4 Nc6 5. Nc3 Qc7 6. Be2 a6 7. f4 b5 8. Nxc6
dxc6 9. e5 Bb7 10. Bd3 c5 11. Qe2 Ne7 12. a4 c4 13. Be4 b4 14. Bxb7 Qxb7 15. Ne4
Nf5 16. g4 Nd4 17. Qg2 O-O-O 18. Be3 b3 19. cxb3 Nxb3 20. Rb1 Nc5 21. Nd6+ Bxd6
22. Qxb7+ Kxb7 23. exd6 Nxa4 24. Bd4 Rxd6 25. Bxg7 Rg8 26. Be5 Rb6 27. g5 Nc5
28. O-O Nd3 29. Bc3 Rb5 30. Kg2 Rf5 31. Kg3 e5 32. Kg4 Rxf4+ 33. Rxf4 exf4 34.
b3 Rc8 35. bxc4+ Ka8 36. Rb6 Rxc4 37. Rxa6+ Kb7 38. Ra3 Kc6 39. Bf6 Nf2+ 40. Kf5
Ne4 41. Be5 Nd6+ 42. Kg4 Kd5 43. Bxf4 Ne8 44. Ra7 Ke6 45. Ra6+ Ke7 46. Ra7+ Ke6
47. Ra6+ 1/2-1/2

[Event "Riga Tech Open A 2015"]
[Site "Riga LAT"]
[Date "2015.08.11"]
[Round "2.4"]
[White "Melkumyan, Hrant"]
[Black "Esipenko, Andrey"]
[Result "1-0"]
[WhiteTitle "GM"]
[BlackTitle "FM"]
[WhiteElo "2633"]
[BlackElo "2403"]
[WhiteFideId "13302485"]
[BlackFideId "24175439"]
[EventDate "2015.08.10"]

1. d4 Nf6 2. c4 g6 3. Nc3 d5 4. cxd5 Nxd5 5. e4 Nxc3 6. bxc3 Bg7 7. Nf3 c5 8.
Be3 Bg4 9. Rc1 Qa5 10. Qb3 cxd4 11. Nxd4 Bc8 12. Qb5+ Qxb5 13. Nxb5 Na6 14. Nxa7
Bd7 15. Bc4 Nc7 16. Ke2 Be6 17. Bxe6 Nxe6 18. Rb1 Nd8 19. Rb3 Be5 20. Ra1 g5 21.
a4 Rg8 22. Bb6 Rg6 23. Bxd8 Rxd8 24. Rxb7 Ra6 25. Nb5 Rda8 26. Rd1 Rxa4 27. Rdd7
Bf6 28. Ke3 Rd8 29. Rd5 Rxd5 30. exd5 Be5 31. g3 h5 32. Rb6 Kd7 33. Kd3 Ra2 34.
c4 Rxf2 35. c5 Ra2 36. Rb7+ Kd8 37. c6 h4 38. gxh4 gxh4 39. h3 Ra1 40. Kc2 Ra4
41. Kb3 Ra1 42. Kb4 Bg3 43. Rd7+ Ke8 44. Nc7+ Kf8 45. Rd8+ Kg7 46. Ne8+ Kg6 47.
d6 Bxd6+ 48. Nxd6 exd6 49. c7 Rb1+ 50. Ka3 Rc1 51. c8=Q Rxc8 52. Rxc8 1-0

[Event "Riga Tech Open A 2015"]
[Site "Riga LAT"]
[Date "2015.08.11"]
[Round "2.5"]
[White "Aryan, Chopra"]
[Black "Bartel, Mateusz"]
[Result "1/2-1/2"]
[BlackTitle "GM"]
[WhiteElo "2402"]
[BlackElo "2631"]
[WhiteFideId "5084423"]
[BlackFideId "1112635"]
[EventDate "2015.08.10"]

1. e4 c5 2. Nf3 Nc6 3. d4 cxd4 4. Nxd4 Nf6 5. Nc3 d6 6. Bg5 Qb6 7. Nb3 e6 8. Qe2
Be7 9. O-O-O O-O 10. Be3 Qc7 11. g4 d5 12. exd5 Nxd5 13. Nxd5 exd5 14. Bg2 Be6
15. Kb1 Rac8 16. Bxd5 Bxd5 17. Rxd5 Nb4 18. Rd2 Qc6 19. Rhd1 Qa4 20. Nc1 Rfe8
21. a3 Nc6 22. Rd5 a6 23. Nb3 Qe4 24. Nc5 Bxc5 25. Rxc5 Rcd8 26. Rc3 Nd4 27. Qd3
Nc6 28. Qe2 Nd4 29. Qd3 Nc6 1/2-1/2

[Event "Riga Tech Open A 2015"]
[Site "Riga LAT"]
[Date "2015.08.11"]
[Round "2.6"]
[White "Naroditsky, Daniel"]
[Black "Korchmar, Vasiliy"]
[Result "1-0"]
[WhiteTitle "GM"]
[BlackTitle "IM"]
[WhiteElo "2631"]
[BlackElo "2400"]
[WhiteFideId "2026961"]
[BlackFideId "24131750"]
[EventDate "2015.08.10"]

1. e4 e5 2. Nf3 Nc6 3. Bb5 a6 4. Ba4 Nf6 5. O-O Be7 6. d3 b5 7. Bb3 d6 8. a3 O-O
9. Nc3 Bg4 10. Be3 Nd4 11. Bxd4 exd4 12. Nd5 Nd7 13. h3 Bxf3 14. Qxf3 c6 15. Nf4
Rb8 16. g4 a5 17. Ne2 a4 18. Ba2 Qb6 19. Qg2 b4 20. axb4 Qxb4 21. Rab1 Qc5 22.
Ng3 Rfe8 23. f4 Rb4 24. g5 Reb8 25. Nf5 Rxb2 26. g6 Bf6 27. Nh6+ Kf8 28. gxh7 g6
29. e5 Bg7 30. Rxb2 Rxb2 31. Qg5 Qa5 32. Bxf7 Rxc2 33. Qxg6 1-0

[Event "Riga Tech Open A 2015"]
[Site "Riga LAT"]
[Date "2015.08.11"]
[Round "2.7"]
[White "Meribanov, Vitaly"]
[Black "Socko, Bartosz"]
[Result "0-1"]
[WhiteTitle "IM"]
[BlackTitle "GM"]
[WhiteElo "2397"]
[BlackElo "2622"]
[WhiteFideId "13504363"]
[BlackFideId "1107038"]
[EventDate "2015.08.10"]

1. e4 e5 2. Nf3 Nc6 3. Bb5 a6 4. Ba4 Nf6 5. O-O b5 6. Bb3 Bb7 7. d3 Be7 8. Nc3
O-O 9. Bd2 d6 10. a4 Na5 11. Ba2 b4 12. Nd5 Bxd5 13. exd5 Rb8 14. Qe1 b3 15.
Bxa5 bxa2 16. Qc3 Qd7 17. Rxa2 Nxd5 18. Qc4 Nf4 19. Bd2 d5 20. Nxe5 Ne2+ 21. Kh1
Qd6 22. Qg4 Qxe5 23. Re1 Rxb2 24. Rxb2 Qxb2 25. Rxe2 Qxc2 26. Be1 Qxd3 27. h4 f5
28. Qh5 g6 0-1

[Event "Riga Tech Open A 2015"]
[Site "Riga LAT"]
[Date "2015.08.11"]
[Round "2.8"]
[White "Kumsiashvili, Nikoloz"]
[Black "Hovhannisyan, Robert"]
[Result "0-1"]
[BlackTitle "GM"]
[WhiteElo "2380"]
[BlackElo "2612"]
[WhiteFideId "13600621"]
[BlackFideId "13302507"]
[EventDate "2015.08.10"]

1. d4 d5 2. c4 c6 3. Nf3 Nf6 4. Nc3 e6 5. e3 Nbd7 6. Bd3 dxc4 7. Bxc4 b5 8. Bd3
Bd6 9. O-O O-O 10. b3 Bb7 11. Bb2 Qb8 12. Qe2 a6 13. a4 h6 14. Rac1 Rc8 15. h3
b4 16. Ne4 Nxe4 17. Bxe4 c5 18. Nd2 Bf8 19. Qf3 Ra7 20. d5 exd5 21. Bxd5 Bxd5
22. Qxd5 Nb6 23. Qf5 Qd6 24. Ne4 Qe6 25. Qxe6 fxe6 26. a5 Nd5 27. Be5 Rb7 28.
Nd2 Rd8 29. Nc4 Ne7 30. Rfd1 Rd5 31. Rxd5 exd5 32. Nd6 Rd7 33. Bg3 h5 34. Kf1 h4
35. Bh2 c4 36. bxc4 b3 37. c5 Nc6 38. Rb1 Nxa5 39. Be5 Bxd6 40. cxd6 Nc4 41. Bc3
b2 42. Ke2 Rxd6 43. Kd3 Kf7 44. Bxb2 Rb6 45. Kc2 Rxb2+ 46. Rxb2 Nxb2 47. Kxb2
Ke6 48. Kb3 Ke5 49. f3 d4 50. e4 a5 0-1

[Event "Riga Tech Open A 2015"]
[Site "Riga LAT"]
[Date "2015.08.11"]
[Round "2.9"]
[White "Jumabayev, Rinat"]
[Black "Martynov, Pavel2"]
[Result "1-0"]
[WhiteTitle "GM"]
[BlackTitle "FM"]
[WhiteElo "2600"]
[BlackElo "2366"]
[WhiteFideId "13702661"]
[BlackFideId "4122186"]
[EventDate "2015.08.10"]

1. Nf3 Nf6 2. g3 g6 3. Bg2 Bg7 4. c4 O-O 5. d4 d5 6. cxd5 Nxd5 7. O-O Nb6 8. Nc3
Nc6 9. d5 Na5 10. Qc2 c6 11. dxc6 Nxc6 12. Rd1 Bd7 13. Bf4 Rc8 14. Rac1 Qe8 15.
Qd2 Bg4 16. Bh6 Nc4 17. Qf4 Bxh6 18. Qxh6 Bxf3 19. Bxf3 Nxb2 20. Rd2 Nc4 21. Ne4
Nxd2 22. Ng5 Nxf3+ 23. exf3 1-0

[Event "Riga Tech Open A 2015"]
[Site "Riga LAT"]
[Date "2015.08.11"]
[Round "2.10"]
[White "Mu, Ke"]
[Black "Neiksans, Arturs"]
[Result "1/2-1/2"]
[BlackTitle "GM"]
[WhiteElo "2380"]
[BlackElo "2596"]
[WhiteFideId "8602778"]
[BlackFideId "11601388"]
[EventDate "2015.08.10"]

1. d4 Nf6 2. c4 e6 3. Nf3 b6 4. g3 Ba6 5. b3 b5 6. cxb5 Bxb5 7. Bg2 Bc6 8. O-O
a5 9. Nc3 Qc8 10. Bf4 Qb7 11. Rc1 Ba3 12. Rc2 Na6 13. Be5 Nb4 14. d5 Nfxd5 15.
Nxd5 exd5 16. Rd2 O-O 17. Qb1 f6 18. Ba1 Rae8 19. Nd4 Qb6 20. Nxc6 Qxc6 21. Rfd1
Kh8 22. e3 a4 23. Bxd5 Nxd5 24. Rxd5 axb3 25. axb3 Bd6 26. b4 Re6 27. b5 Qb6 28.
Rh5 h6 29. Qg6 Re7 30. Bd4 Qb8 31. b6 Be5 32. Bxe5 fxe5 33. bxc7 Qxc7 34. Rf5
Rxf5 35. Qxf5 d6 36. Qf8+ 1/2-1/2

[Event "Riga Tech Open A 2015"]
[Site "Riga LAT"]
[Date "2015.08.11"]
[Round "2.11"]
[White "Dragun, Kamil"]
[Black "Lomasov, Semen"]
[Result "1-0"]
[WhiteTitle "GM"]
[BlackTitle "FM"]
[WhiteElo "2572"]
[BlackElo "2342"]
[WhiteFideId "1134167"]
[BlackFideId "24164879"]
[EventDate "2015.08.10"]

1. d4 Nf6 2. c4 g6 3. Nc3 d5 4. cxd5 Nxd5 5. Bd2 Bg7 6. e4 Nxc3 7. Bxc3 O-O 8.
Qd2 c5 9. d5 Bxc3 10. bxc3 e6 11. d6 e5 12. h4 h5 13. Nf3 Nc6 14. Ng5 Kg7 15.
Rd1 f6 16. d7 fxg5 17. dxc8=Q Rxc8 18. hxg5 Qa5 19. Bc4 Rcd8 20. Bd5 Qc7 21. Qe3
Ne7 22. O-O Nxd5 23. exd5 Rf5 24. Rfe1 Qd6 25. c4 Rdf8 26. Rd2 b6 27. Rde2 R8f7
28. Qg3 Re7 29. f4 e4 30. Rxe4 Rxe4 31. Rxe4 Kf7 32. a4 a6 33. Qh2 Kg7 34. g4
Rf8 35. gxh5 Qd7 36. Qe2 Qh3 37. Re7+ Kg8 38. Qe6+ Qxe6 39. Rxe6 gxh5 40. d6 Rd8
41. Kf2 h4 42. f5 b5 43. axb5 axb5 44. cxb5 c4 45. b6 c3 46. b7 c2 47. Re1 Rb8
48. d7 Kf7 49. Kg2 1-0

[Event "Riga Tech Open A 2015"]
[Site "Riga LAT"]
[Date "2015.08.11"]
[Round "2.12"]
[White "Shishkov, Andrei"]
[Black "Gretarsson, Hjorvar Steinn"]
[Result "1/2-1/2"]
[WhiteTitle "FM"]
[BlackTitle "GM"]
[WhiteElo "2372"]
[BlackElo "2567"]
[WhiteFideId "4500563"]
[BlackFideId "2302241"]
[EventDate "2015.08.10"]

1. d4 Nf6 2. c4 b6 3. Nc3 Bb7 4. Qc2 d5 5. cxd5 Nxd5 6. Nf3 Nxc3 7. Qxc3 Nd7 8.
Bf4 Rc8 9. e3 e6 10. Bb5 c6 11. Bd3 Nf6 12. Bg5 Be7 13. O-O h6 14. Bh4 O-O 15.
Rac1 c5 16. Bb1 Bxf3 17. gxf3 cxd4 18. Qxd4 Qxd4 19. exd4 Nd5 20. Bxe7 Nxe7 21.
Be4 Rfd8 22. Rxc8 Rxc8 23. Rd1 f5 24. Bb1 Kf7 25. Kf1 Rd8 26. Ke2 Kf6 27. a3 Rc8
28. Kd3 Nd5 29. Ba2 Nf4+ 30. Kd2 Rc6 31. Bb3 g5 32. Ke3 Rd6 33. Rc1 Ng2+ 34. Kd3
Nh4 35. Ke3 f4+ 36. Ke4 Nf5 37. d5 exd5+ 38. Bxd5 Ne7 39. Rd1 Nxd5 40. Rxd5 Re6+
41. Kd3 Re1 42. Rd6+ Kf5 43. Rxh6 Rf1 44. Ke2 Rb1 45. b4 Rb2+ 46. Kf1 Rb3 47.
Rh7 Rxf3 48. Rxa7 Rb3 49. Rb7 Rxa3 50. Kg2 Kg4 51. h3+ Rxh3 52. Rxb6 Rb3 53. Rc6
f3+ 54. Kh2 Rxb4 55. Rc2 Kf4 56. Ra2 g4 57. Ra8 Rb1 58. Rf8+ Ke4 59. Rf4+ Kd3
60. Rxg4 Ke2 61. Ra4 Rd1 62. Kg3 Rd3 1/2-1/2

[Event "Riga Tech Open A 2015"]
[Site "Riga LAT"]
[Date "2015.08.11"]
[Round "2.13"]
[White "Krupenski, Juri"]
[Black "Burmakin, Vladimir"]
[Result "1/2-1/2"]
[WhiteTitle "FM"]
[BlackTitle "GM"]
[WhiteElo "2356"]
[BlackElo "2558"]
[WhiteFideId "4501101"]
[BlackFideId "4105109"]
[EventDate "2015.08.10"]

1. c4 e6 2. Nf3 d5 3. d4 Nf6 4. e3 Be7 5. b3 b6 6. Bd3 Bb7 7. O-O O-O 8. Bb2
dxc4 9. bxc4 c5 10. Nbd2 Qc7 11. h3 Rd8 12. Qc2 Nc6 13. a3 h6 14. Rfe1 Rac8 15.
Rac1 Nb8 16. Ne5 Nc6 17. Nef3 Ba8 18. Qb1 Qb7 19. Qa1 Nb8 20. d5 exd5 21. Bf5
Rc7 22. cxd5 Rxd5 23. e4 Rxf5 24. exf5 Rc8 25. Nc4 b5 26. Nce5 Bf8 27. Ng4 Nxg4
28. hxg4 a5 29. f6 g6 30. Re3 Nc6 31. Rce1 c4 32. Re8 Qd7 33. Rxc8 Qxc8 34. Qc1
Nb8 35. Ne5 Nd7 36. Nxg6 Qc6 37. Nh4 Nc5 38. Re3 Nd3 39. Qd2 Nxb2 40. Qxb2 b4
41. axb4 axb4 42. g5 c3 43. Qc1 Qc4 44. Nf5 Qd5 45. Rf3 Qe5 46. g6 Bxf3 47. Qxh6
Bxh6 48. Nxh6+ Kh8 49. Nxf7+ Kg8 50. Nh6+ Kh8 51. Nf7+ Kg8 52. Nh6+ Kh8 53. g7+
Kh7 54. g8=Q+ Kxh6 55. f7 Qe1+ 56. Kh2 Qe5+ 57. Kg1 Qe1+ 1/2-1/2